[Event "Yalta op"]
[Site "Yalta"]
[Date "1995.??.??"]
[Round "4"]
[White "Tunik, Gennady"]
[Black "Chehlov, Aleksander"]
[Result "1-0"]
[WhiteElo "2530"]
[BlackElo "2275"]

1.d4 Nf6 2.c4 g6 3.Nc3 Bg7 4.e4 d6 5.Nf3 O-O 6.Be2 e5 7.O-O Nc6 8.d5 Ne7
9.Ne1 Nd7 10.Be3 f5 11.f3 f4 12.Bf2 g5 13.a4 Ng6 14.a5 h5 15.Nb5 Nf6 16.Nxa7 Bd7
17.c5 g4 18.c6 g3 19.hxg3 fxg3 20.Bxg3 Rxa7 21.cxd7 Nxd7 22.Bh2 Bh6 23.Nd3 Kh8
24.f4 Nxf4 25.Nxf4 exf4 26.Qd4+ Bg7 27.Qxa7 Nc5 28.Ra3 Bd4+ 29.Kh1 Be3 30.b4 Nd3
31.Qxb7 Nf2+ 32.Rxf2 Bxf2 33.Qc6 Be3 34.Rxe3 fxe3 35.Qc3+ Kh7 36.Qxe3 Qh4
37.Bf3 Qe7 38.e5  1-0

[Event "Zadar op"]
[Site "Zadar"]
[Date "1995.??.??"]
[Round "?"]
[White "Cebalo, Miso"]
[Black "Sevo, Igor"]
[Result "1-0"]
[WhiteElo "2570"]
[BlackElo "2125"]

1.d4 Nf6 2.Nf3 g6 3.c4 Bg7 4.Nc3 O-O 5.e4 d6 6.Be2 e5 7.O-O Nc6 8.Be3 Ng4
9.Bg5 f6 10.Bc1 Nh6 11.dxe5 Nxe5 12.Nxe5 fxe5 13.Be3 Be6 14.c5 Nf7 15.Qa4 b6
16.cxd6 Nxd6 17.Rad1 Rf7 18.b3 Qe8 19.Qa6 Qc6 20.Rc1 Qb7 21.Qxb7 Nxb7 22.Nb5 c5
23.Rfd1 Bf8 24.Bc4 Bxc4 25.bxc4 Na5 26.Rd5 Bg7 27.g3 Re8 28.Nd6  1-0

[Event "EU-ch U18"]
[Site "Zagan"]
[Date "1995.??.??"]
[Round "1"]
[White "Neumann, Peter"]
[Black "Szuk, Balazs"]
[Result "0-1"]
[WhiteElo "2155"]
[BlackElo "2360"]

1.d4 Nf6 2.c4 g6 3.Nc3 Bg7 4.e4 d6 5.Nf3 O-O 6.Be2 e5 7.O-O Nc6 8.d5 Ne7
9.Ne1 Nd7 10.Nd3 f5 11.Bd2 Nf6 12.f3 f4 13.g4 g5 14.Kg2 h5 15.h3 Ng6 16.Be1 Rf7
17.Bf2 Bf8 18.Rh1 Rh7 19.b4 Be7 20.c5 Kg7 21.a4 Bd7 22.Rc1 Rh6 23.cxd6 cxd6
24.Nb2 Qh8 25.Nb5 Qh7 26.Rc7 Rh8 27.Rg1 hxg4 28.hxg4 Bxg4 29.fxg4 Rh2+ 30.Kf1 Qh3+
31.Ke1 Rxf2 32.Nxd6 Rh2 33.Nf5+ Kg8 34.Rc8+ Kf7  0-1

[Event "EU-ch U16"]
[Site "Zagan"]
[Date "1995.??.??"]
[Round "2"]
[White "Bialy, Rafal"]
[Black "Eusebe, Aurelien"]
[Result "1/2-1/2"]
[WhiteElo "2125"]
[BlackElo "2125"]

1.d4 Nf6 2.Nf3 g6 3.c4 Bg7 4.Nc3 O-O 5.e4 d6 6.Be2 e5 7.O-O Nc6 8.d5 Ne7
9.Ne1 Nd7 10.Be3 f5 11.f3 f4 12.Bf2 g5 13.a4 Kh8 14.a5 a6 15.b4 Ng8 16.c5 h5
17.cxd6 cxd6 18.Na4 Ngf6 19.Rc1 Qe8 20.Qb3 g4 21.b5 Qg6 22.bxa6 gxf3 23.axb7 Bxb7
24.Bxf3 Ba6 25.Nb6 Rfb8 26.Qc2 Nxb6 27.axb6 Bxf1 28.Kxf1 Qf7 29.Qc7 Qd7 30.Rc6 Bf8
31.Qxd7 Nxd7 32.Bxh5 Nf6 33.Bf3 Ra4 34.Bd1 Rxe4 35.Bc2 Rb4 36.Nd3 Rb5 37.Nxe5 dxe5
38.Rxf6 Rxd5 39.Be4 Rd6 40.Rf5 Bg7 41.g3 fxg3 42.hxg3  1/2-1/2

[Event "EU-ch U18"]
[Site "Zagan"]
[Date "1995.??.??"]
[Round "2"]
[White "Martin, David"]
[Black "Avrukh, Boris"]
[Result "0-1"]
[WhiteElo "2180"]
[BlackElo "2430"]

1.d4 Nf6 2.c4 g6 3.Nc3 Bg7 4.e4 d6 5.Be2 O-O 6.Nf3 e5 7.O-O Nc6 8.d5 Ne7
9.b4 a5 10.Ba3 axb4 11.Bxb4 Nd7 12.a4 h6 13.Nd2 f5 14.a5 Nf6 15.c5 fxe4 16.Ndxe4 Nf5
17.f3 Ne3 18.Qd2 Nxf1 19.Rxf1 dxc5 20.Nxc5 Re8 21.Bc4 Kh7 22.Rd1 Bf8 23.N3e4 Nxe4
24.fxe4 Bd6 25.Nd3 Bxb4 26.Qxb4 Qg5 27.Qc5 Qe7 28.Qf2 Rf8 29.Qg3 Rxa5 30.Nxe5 Qd6
31.Nxg6 Rg8 32.Qxd6 cxd6 33.Ne7 Re8 34.Nxc8 Rxc8 35.Bd3 Kg7 36.Rb1 Ra7 37.Kf2 Rc3
38.Be2 Rc2 39.Kf1 Raa2 40.Bf3 Kf6 41.h3 b5 42.Kg1 Rab2  0-1

[Event "EU-ch U18"]
[Site "Zagan"]
[Date "1995.??.??"]
[Round "8"]
[White "Martin, David"]
[Black "Kraschl, Joerg"]
[Result "1/2-1/2"]
[WhiteElo "2180"]
[BlackElo "2320"]

1.d4 Nf6 2.c4 g6 3.Nc3 Bg7 4.e4 d6 5.Be2 O-O 6.Nf3 e5 7.O-O Nc6 8.d5 Ne7
9.Ne1 Nd7 10.f3 f5 11.g4 Kh8 12.Ng2 Ng8 13.Be3 Rf7 14.h4 Bf8 15.Rc1 Bh6 16.Bxh6 Nxh6
17.b4 Ng8 18.Qd2  1/2-1/2

[Event "EU-ch U18"]
[Site "Zagan"]
[Date "1995.??.??"]
[Round "8"]
[White "Stocek, Jiri"]
[Black "Krakops, Maris"]
[Result "1/2-1/2"]
[WhiteElo "2475"]
[BlackElo "2525"]

1.d4 Nf6 2.c4 g6 3.Nc3 Bg7 4.e4 d6 5.Be2 O-O 6.Nf3 e5 7.O-O Nc6 8.d5 Ne7
9.Ne1 Nd7 10.Be3 f5 11.f3 f4 12.Bf2 g5 13.a4 Ng6 14.a5 h5 15.Nb5 Nf6 16.Nxa7 Bd7
17.c5 g4 18.c6 g3 19.hxg3 fxg3 20.Bxg3 Rxa7 21.cxd7 Nxd7 22.f4 exf4 23.Bf2 Ra8
24.Bxh5 Nge5 25.Bg4 Nxg4 26.Qxg4 Ne5 27.Qe6+ Kh8 28.Ra3 f3 29.Qh3+ Kg8 30.Nxf3 Nxf3+
31.Rxf3 Qe7 32.Rxf8+ Rxf8 33.Qg4 Qe5 34.b4 Qb2 35.Be3 Rxf1+ 36.Kxf1 Qa1+
37.Ke2 Qb2+ 38.Kf3 Qxb4 39.Bh6 Qc3+ 40.Kf2 Qf6+ 41.Bf4 Qb2+ 42.Kg3 Qc3+ 43.Kh4 Qe1+
44.Bg3 Qh1+ 45.Qh3 Qxh3+ 46.gxh3 Bc3 47.Kg5 Kf7 48.h4 Bxa5 49.e5 dxe5 50.Bxe5 c6
51.dxc6 bxc6  1/2-1/2

[Event "EU-ch U18"]
[Site "Zagan"]
[Date "1995.??.??"]
[Round "9"]
[White "Van den Doel, Erik"]
[Black "Dumitrescu, Dragos"]
[Result "1/2-1/2"]
[WhiteElo "2305"]
[BlackElo "2375"]

1.d4 Nf6 2.c4 g6 3.Nc3 Bg7 4.e4 d6 5.Nf3 O-O 6.Be2 e5 7.O-O Nc6 8.d5 Ne7
9.Ne1 Nd7 10.f3 f5 11.Be3 Kh8 12.Nd3 Ng8 13.Kh1 Bh6 14.Bxh6 Nxh6 15.f4 Qe7
16.exf5 Nxf5 17.fxe5 dxe5 18.Nb5 Nf6 19.Qc1 c6 20.dxc6 bxc6 21.Nc3 Nd4 22.Qg5 Bf5
23.g4 Nxe2 24.gxf5 Nxc3 25.bxc3 e4 26.Nb4 Ng8 27.Qxe7 Nxe7 28.fxg6 hxg6 29.Rfe1 Rf4
30.Rad1 a5 31.Nc2 Nf5 32.Nd4 Re8 33.Nxc6 e3 34.Nd4 Rf2 35.c5 Re4 36.c6 Rh4
37.Nxf5 Rhxh2+ 38.Kg1 Rhg2+ 39.Kh1 Rh2+ 40.Kg1 Rfg2+ 41.Kf1  1/2-1/2

[Event "Zalakaros op"]
[Site "Zalakaros"]
[Date "1995.??.??"]
[Round "3"]
[White "Sinkovics, Peter"]
[Black "Grabics, Monika"]
[Result "1/2-1/2"]
[WhiteElo "2410"]
[BlackElo "2315"]

1.d4 Nf6 2.c4 g6 3.Nc3 Bg7 4.e4 d6 5.Nf3 O-O 6.Be2 e5 7.O-O Nc6 8.d5 Ne7
9.Nd2 a5 10.Rb1 Nd7 11.a3 f5 12.b4 Kh8 13.Qc2 Ng8 14.exf5 gxf5 15.f4 Ne7
16.Nf3 e4 17.Ne1 Nf6 18.Be3 axb4 19.axb4 Ne8 20.Qd2 c6 21.Nc2 cxd5 22.cxd5 Nf6
23.Bd4 Rg8 24.Ne3 Bd7 25.Nc4 Qe8 26.Nxd6 Qg6 27.Nxb7 Nfxd5 28.Nxd5 Nxd5 29.g3 Ra3
30.g4 Bc6 31.Na5 Rd3 32.Bxg7+ Rxg7 33.Qb2 Nc3 34.Nxc6 Nxe2+ 35.Qxe2 Qxc6
36.g5 Rgd7 37.Qb2+ Kg8 38.Rbc1 Qb6+ 39.Kh1 Qb7 40.Qe5 e3+ 41.Kg1 Rd2 42.Qe6+ Kg7
43.Qf6+ Kg8 44.Qc6 Qxc6 45.Rxc6 Ra2 46.Rh6 Rdd2 47.Re1 Rg2+ 48.Kh1 Rgf2 49.Rh3 e2
50.Kg1 Rxf4 51.Rb3 Rd2 52.Rbb1 Rd1 53.Rbxd1 exd1=Q 54.Rxd1 Rxb4 55.h3 Kg7
56.Rd6 Rh4 57.Rf6 Rxh3 58.Kg2 Rh5 59.Rxf5 Kg6 60.Ra5 Rxg5+  1/2-1/2

[Event "Zaragoza op-A"]
[Site "Zaragoza"]
[Date "1995.??.??"]
[Round "3"]
[White "Pogorelov, Ruslan"]
[Black "Touzane, Olivier"]
[Result "0-1"]
[WhiteElo "2440"]
[BlackElo "2310"]

1.Nf3 Nf6 2.c4 g6 3.Nc3 Bg7 4.e4 d6 5.d4 O-O 6.Be2 e5 7.O-O Nc6 8.d5 Ne7
9.Ne1 Ne8 10.Be3 f5 11.f3 f4 12.Bf2 g5 13.c5 h5 14.a4 Kh7 15.cxd6 cxd6 16.Nb5 a6
17.Na3 Bd7 18.Nc4 Nc8 19.Qb3 b5 20.axb5 Bxb5 21.Nd3 g4 22.fxg4 Qg5 23.h3 Nf6
24.Na3 Bd7 25.Qb7 hxg4 26.h4 Qh6 27.Qxa8 g3 28.Ne1 Qxh4 29.Nf3 Qh6 30.Ba7 Bg4
31.Rfc1 Nxe4 32.Kf1 Nb6 33.Qxf8 Qh1+ 34.Ng1 Bxe2+ 35.Kxe2 Qxg2+ 36.Kd3 Nf2+
37.Kc3 Nxd5+ 38.Kb3 Bxf8 39.Nc4 Qe4 40.Rxa6 Nd3 41.Rd1 N3b4 42.Rxd5 Nxd5  0-1

[Event "Zaragoza op-B"]
[Site "Zaragoza"]
[Date "1995.??.??"]
[Round "9"]
[White "De la Rocha, Ramon"]
[Black "Jurkovic, Ante"]
[Result "1/2-1/2"]
[WhiteElo "2280"]
[BlackElo "2335"]

1.d4 Nf6 2.c4 g6 3.Nc3 Bg7 4.e4 O-O 5.Be2 d6 6.Nf3 e5 7.O-O Nc6 8.d5 Ne7
9.Ne1 Ne8 10.Nd3 f5 11.f3 f4 12.g4 g5 13.Bd2 Ng6 14.Be1 Kf7 15.Rc1 Rh8 16.c5 h5
17.h3 Bf8 18.cxd6 cxd6 19.Kg2 Rh7 20.a4 hxg4 21.hxg4 Qf6 22.Rh1 Rxh1 23.Kxh1 Be7
24.Bf2 Qh8+ 25.Kg2 Nh4+ 26.Bxh4 Qxh4 27.Qe1 Qxe1 28.Nxe1 Bd8 29.Bb5 Nf6 30.Be2 Bd7
31.Nc2 Ba5 32.Na3 Bxc3 33.Rxc3 Ke7 34.Rc7 Rb8 35.b3 Ne8 36.Rc2 Rc8 37.Rxc8 Bxc8
38.Nb5 a6 39.Nc3 a5 40.Nb1 Nf6 41.Na3 Nd7 42.Nc4 b6 43.Bd1 Ba6 44.Kf2 Bxc4
45.bxc4 Kd8 46.Ke2  1/2-1/2

[Event "Zuerich op"]
[Site "Zuerich"]
[Date "1995.??.??"]
[Round "1"]
[White "Nemet, Ivan"]
[Black "Borner, Daniel"]
[Result "1/2-1/2"]
[WhiteElo "2395"]
[BlackElo "2290"]

1.d4 Nf6 2.c4 g6 3.Nc3 Bg7 4.e4 O-O 5.Nf3 d6 6.Be2 e5 7.O-O Nc6 8.d5 Ne7
9.Nd2 a5 10.a3 c5 11.Rb1 Ne8 12.b4 axb4 13.axb4 b6 14.bxc5 bxc5 15.Nb3 Kh8
16.Bd2 Ng8 17.Ra1 Rxa1 18.Qxa1 f5 19.Na5 Qh4 20.f3 Bh6 21.Bxh6 Qxh6 22.exf5 Bxf5
23.f4 exf4 24.Nb5+ Qg7 25.Qxg7+ Kxg7 26.Nb7 Rf6 27.Rxf4 h5 28.h3 Nh6 29.g4 hxg4
30.hxg4 Bd7 31.Re4 g5 32.Re7+ Rf7 33.Rxe8 Bxe8 34.N5xd6 Re7 35.Bf3 Bd7 36.Nxc5 Bxg4
37.Bxg4 Nxg4 38.Nf5+ Kf6 39.Nxe7 Kxe7 40.Ne4 Ne3 41.d6+ Kd7 42.c5 Nf5 43.Nf6+ Ke6
44.d7 Ke7 45.c6 Kd8  1/2-1/2

[Event "Zuerich op"]
[Site "Zuerich"]
[Date "1995.??.??"]
[Round "5"]
[White "Nemet, Ivan"]
[Black "Pytel, Martin"]
[Result "1-0"]
[WhiteElo "2395"]
[BlackElo "2235"]

1.d4 Nf6 2.c4 g6 3.Nc3 Bg7 4.e4 d6 5.Nf3 O-O 6.Be2 e5 7.O-O Nc6 8.d5 Ne7
9.Nd2 a5 10.a3 Nd7 11.Rb1 f5 12.b4 Kh8 13.Qc2 axb4 14.axb4 Nf6 15.f3 g5 16.exf5 Nxf5
17.Nde4 h6 18.Bd3 Nd4 19.Qd1 c6 20.Nxf6 Bxf6 21.Be4 Qb6 22.Kh1 c5 23.bxc5 Qxc5
24.Bd3 Qc7 25.Be3 Bd7 26.Nb5 Bxb5 27.cxb5 Ra3 28.Rc1 Qb6 29.h3 Rfa8 30.Re1 R3a4
31.f4 gxf4 32.Qh5 Bg7 33.Qg6 Kg8 34.Bxd4 Rxd4 35.Qe6+ Kf8  1-0

[Event "Zuerich op"]
[Site "Zuerich"]
[Date "1995.??.??"]
[Round "6"]
[White "Tukmakov, Vladimir B"]
[Black "Cvitan, Ognjen"]
[Result "1-0"]
[WhiteElo "2600"]
[BlackElo "2510"]

1.d4 Nf6 2.Nf3 g6 3.c4 Bg7 4.Nc3 O-O 5.e4 d6 6.Be2 e5 7.O-O Nc6 8.d5 Ne7
9.b4 Nh5 10.Re1 Nf4 11.Bf1 Bg4 12.h3 Bxf3 13.Qxf3 f5 14.Qd1 fxe4 15.Nxe4 h6
16.Rb1 Qd7 17.Qg4 Qe8 18.Rb3 Kh8 19.g3 Nh5 20.Qe6 Nf6 21.Bxh6 Nxe4 22.Bxg7+ Kxg7
23.Rxe4 Rf6 24.Qg4 Qf7 25.Rb2 Rf8 26.Qe2 Nf5 27.Bg2 b5 28.Qd2 c6 29.dxc6 bxc4
30.Rc2 Nd4 31.Rxd4 exd4 32.Qxd4 Qe7 33.Qxc4 Qe1+ 34.Kh2 Rxf2 35.c7  1-0

[Event "BRA-ch"]
[Site "Americana"]
[Date "1996.??.??"]
[Round "3"]
[White "Lima, Darcy"]
[Black "Souza, Ivan"]
[Result "1/2-1/2"]
[WhiteElo "2430"]
[BlackElo "2285"]

1.d4 Nf6 2.c4 g6 3.Nc3 Bg7 4.e4 d6 5.Be2 O-O 6.Nf3 e5 7.O-O Nc6 8.d5 Ne7
9.b4 Nh5 10.Re1 f5 11.Ng5 Nf6 12.Bf3 c6 13.Bb2 cxd5 14.cxd5 h6 15.Ne6 Bxe6
16.dxe6 fxe4 17.Nxe4 Nxe4 18.Rxe4 Qb6 19.Qd2 Rf6 20.Rc1 Raf8 21.Qe3 Rxe6
22.Qxb6 axb6 23.Rc7 d5 24.Re1 h5 25.Rxb7 e4 26.Bxg7 Kxg7 27.Bd1 Kf6 28.Bb3 Rd8
29.a4 Rdd6 30.h3 Rc6 31.a5 bxa5 32.bxa5 Rc5 33.f3  1/2-1/2

[Event "BRA-ch"]
[Site "Americana"]
[Date "1996.??.??"]
[Round "6"]
[White "Loureiro, Luiz"]
[Black "Vescovi, Giovanni"]
[Result "0-1"]
[WhiteElo "2365"]
[BlackElo "2490"]

1.d4 Nf6 2.Nf3 g6 3.c4 Bg7 4.Nc3 O-O 5.e4 d6 6.Be2 e5 7.O-O Nc6 8.d5 Ne7
9.b4 a5 10.bxa5 c5 11.Nd2 Rxa5 12.Rb1 Nd7 13.Nb5 Ra6 14.Bb2 f5 15.f4 exf4
16.Rxf4 Ne5 17.Rf1 Rxa2 18.Qb3 Ra6 19.exf5 Nxf5 20.Rbe1 Bd7 21.Bd1 Bxb5 22.cxb5 Ra8
23.Bxe5 Bxe5 24.Nc4 Bd4+ 25.Kh1 Ra1 26.g4 Nh4 27.h3 Rc1 28.Qa2 Rxf1+ 29.Rxf1 Qe7
30.Qe2 Rc3 31.Kh2 Qxe2+ 32.Bxe2 Rc2 33.Kg3 g5  0-1

[Event "BRA-ch"]
[Site "Americana"]
[Date "1996.??.??"]
[Round "7"]
[White "Vescovi, Giovanni"]
[Black "Souza, Ivan"]
[Result "1/2-1/2"]
[WhiteElo "2490"]
[BlackElo "2285"]

1.d4 Nf6 2.Nf3 g6 3.c4 Bg7 4.Nc3 O-O 5.e4 d6 6.Be2 e5 7.O-O Nc6 8.d5 Ne7
9.Ne1 Ne8 10.Be3 f5 11.f3 f4 12.Bf2 g5 13.c5 Kh8 14.a4 h5 15.cxd6 cxd6 16.Nb5 a6
17.Na3 Bd7 18.Qb3 Ng6 19.Nc4 b5 20.Nb6 bxa4 21.Qd1 Rb8 22.Nxd7 Qxd7 23.Nd3 Rb3
24.Qc2 g4 25.Qc6 Qe7 26.Qxa4 Rb8 27.fxg4 Qg5 28.Qd1 hxg4 29.Bxg4 Nf6 30.Bf3 Rg8
31.Rxa6 Bf8 32.Qe2 Be7 33.b4 Rg7 34.Rfa1 Rbg8 35.Ra8 Bd8 36.R1a6 Nh4 37.Bxh4 Qxh4
38.Qf2 Qh7 39.Kh1 Nxe4 40.Bxe4 Qxe4 41.Rxd8 Qxd3 42.Qh4+ Qh7 43.Qxh7+ Kxh7
44.Rdxd6 Rb8 45.Rdb6 Rc7 46.h4 Rxb6 47.Rxb6 Rd7 48.d6 Kg6 49.Rb5 Rxd6 50.Rxe5 Rd2
51.Rg5+ Kh6 52.Rf5 Rd4 53.Rb5 Rd2 54.Rb8 Kh5 55.b5 Kxh4 56.b6 Kg3 57.Rg8+ Kf2
58.Rg4 Ke3 59.b7 Rb2 60.Rg7 f3 61.Re7+ Kf4 62.Rf7+ Kg4  1/2-1/2

[Event "Donner mem op"]
[Site "Amsterdam"]
[Date "1996.??.??"]
[Round "9"]
[White "Peek, Marcel"]
[Black "Coleman, David"]
[Result "1-0"]
[WhiteElo "2335"]
[BlackElo "2280"]

1.d4 Nf6 2.c4 g6 3.Nc3 Bg7 4.e4 d6 5.Nf3 O-O 6.Be2 e5 7.O-O Nc6 8.d5 Ne7
9.Bd2 Kh8 10.Rc1 c5 11.dxc6 bxc6 12.b4 Bb7 13.Bg5 Nfg8 14.Qb3 f6 15.Be3 f5
16.Rfd1 Nc8 17.b5 Nh6 18.c5 Ng4 19.Bg5 Bf6 20.Bd2 Kg7 21.h3 Nh6 22.Bxh6+ Kxh6
23.cxd6 Nb6 24.bxc6 Bxc6 25.Bb5 Bb7 26.a4 fxe4 27.Nh2 a6 28.Bf1 Rb8 29.Qa2 Kg7
30.a5 Nd7 31.Nd5 Bg5 32.Rc7 Kh8 33.Ng4 h5 34.Nge3 Nf6 35.Nxf6 Qxf6 36.Rc2 Rbd8
37.Qa3 Rd7 38.Rcd2 Rfd8 39.Qc5 Kg7 40.Qb6 Kh6 41.Bxa6 Bxa6 42.Qxa6 Qe6 43.Qb6 Bf4
44.Qc6 Bxe3 45.fxe3 g5 46.Qd5 Qf6 47.a6 g4 48.hxg4 hxg4 49.Rf1 Qg7 50.Qe6+ Kh7
51.g3  1-0

[Event "Andorra"]
[Site "Andorra"]
[Date "1996.??.??"]
[Round "7"]
[White "Bernard, Christophe"]
[Black "David, Alberto"]
[Result "1-0"]
[WhiteElo "2370"]
[BlackElo "2435"]

1.d4 Nf6 2.Nf3 g6 3.c4 Bg7 4.Nc3 O-O 5.e4 d6 6.Be2 e5 7.O-O Nc6 8.d5 Ne7
9.Nd2 a5 10.a3 Bd7 11.b3 Ne8 12.Rb1 f5 13.b4 axb4 14.axb4 Nf6 15.f3 c6 16.c5 cxd5
17.exd5 Nexd5 18.Nxd5 Nxd5 19.Bc4 Be6 20.Ne4 fxe4 21.Bxd5 Qd7 22.Qb3 Bxd5
23.Qxd5+ Kh8 24.Qxe4 d5 25.Rd1 Rad8 26.Qh4 Qf5 27.Bg5 Rde8 28.Bh6 e4 29.Bxg7+ Kxg7
30.Rb3 Re5 31.Re3 g5 32.Qe1 exf3 33.Qc3 d4 34.Qxd4 Rd8 35.Qxd8 f2+ 36.Kf1 Rxe3
37.Qd7+  1-0

[Event "Ano Liosia op"]
[Site "Ano Liosia"]
[Date "1996.??.??"]
[Round "6"]
[White "Skembris, Spyridon"]
[Black "Nikolaidis, Ioannis"]
[Result "1/2-1/2"]
[WhiteElo "2505"]
[BlackElo "2530"]

1.d4 Nf6 2.c4 g6 3.Nc3 Bg7 4.e4 O-O 5.Nf3 d6 6.Be2 e5 7.O-O Nc6 8.d5 Ne7
9.b4 a5 10.bxa5 Rxa5 11.Nd2 c5 12.Nb5 Ra6 13.Bb2 Nd7 14.a4 Bh6 15.Ra3 f5
16.exf5 Nxf5 17.Ne4  1/2-1/2

[Event "Ashkhabad"]
[Site "Ashkhabad"]
[Date "1996.??.??"]
[Round "1"]
[White "Simonenko, Sergei"]
[Black "Irzhanov, Ruslan"]
[Result "0-1"]
[WhiteElo "2415"]
[BlackElo "2500"]

1.d4 Nf6 2.Nf3 g6 3.c4 Bg7 4.Nc3 O-O 5.e4 d6 6.Be2 e5 7.O-O Nc6 8.d5 Ne7
9.Bg5 h6 10.Bxf6 Bxf6 11.b4 Bg7 12.Nd2 f5 13.c5 fxe4 14.Ndxe4 Nf5 15.Bg4 h5
16.Bh3 a6 17.a4 Qe7 18.Re1 Bh6 19.a5 Bd7 20.Qd3 Kh8 21.Qc4 Be8 22.cxd6 cxd6
23.b5 axb5 24.Nxb5 Bxb5 25.Qxb5 Nd4 26.Qd3 Ra6 27.Reb1 Rfa8 28.Nc3 Qg7 29.Qc4 b6
30.Nb5 Nxb5 31.Rxb5 bxa5 32.Rab1 Qf8 33.Rb7 R6a7 34.Qe4 Rxb7 35.Rxb7 Qf6
36.Be6 Qf4 37.Qb1 Qc1+ 38.Qxc1 Bxc1 39.Rb1 Bd2 40.Rb2 Bc3 41.Ra2 a4 42.Bd7 a3
43.g3 Bb2 44.h4 Ra5 45.Be6 Rc5 46.Kg2 e4 47.Kf1 Kg7 48.f3 e3 49.Ke2 Rc2+
50.Kd3 e2  0-1

[Event "Ashkhabad-B"]
[Site "Ashkhabad"]
[Date "1996.??.??"]
[Round "1"]
[White "Simonenko, Sergei"]
[Black "Kudriashov, Anatoli"]
[Result "1/2-1/2"]
[WhiteElo "2415"]
[BlackElo "2345"]

1.d4 Nf6 2.c4 g6 3.Nc3 Bg7 4.e4 d6 5.Nf3 O-O 6.Be2 e5 7.O-O Nc6 8.d5 Ne7
9.b4 Nh5 10.Re1 f5 11.Ng5 Nf6 12.Bf3 c6 13.Ba3 Ne8 14.Qb3 Kh8 15.Rad1 Nxd5
16.cxd5 Qxg5 17.dxc6 bxc6 18.b5 Rb8 19.exf5 Qxf5 20.Rxd6 Nxd6 21.Bxd6 Be6
22.Qa3 Bd5 23.Nxd5 cxd5 24.Bxb8 Rxb8 25.Qxa7 Rxb5 26.Bxd5 Rb1 27.Qe3 Bf8
28.Be4 Rxe1+ 29.Qxe1 Qd7 30.g3 Bc5 31.Bxg6 Bxf2+ 32.Kxf2 Qd4+ 33.Qe3 Qb2+
34.Kf3 hxg6 35.Qh6+ Kg8 36.Qxg6+ Kf8 37.Qf6+ Kg8 38.Qe6+ Kh7 39.Qf7+ Kh6
40.Qf6+ Kh7 41.Qe7+ Kg6 42.Qe6+ Kh7 43.h4 Qc3+ 44.Kg2 Qd2+ 45.Kh3 Qe1 46.Qf5+ Kh6
47.Qf6+ Kh7 48.Qf3 e4 49.Qf7+ Kh8 50.Qf8+ Kh7 51.Qf5+ Kh6 52.h5 Kg7 53.Qg6+ Kh8
54.Qf6+ Kh7 55.h6 Qh1+ 56.Kg4 Qd1+ 57.Kg5 Qd2+ 58.Qf4 Qd5+ 59.Kf6 Qd4+ 60.Ke6 Kg6
61.Qh4 Qb6+ 62.Kd5 Qa5+ 63.Kxe4 Qxa2 64.Kf3 Qb3+ 65.Kg2 Qd5+ 66.Kh2 Qf3 67.Qd4 Kxh6
68.Kh3 Qh5+ 69.Qh4 Kg6  1/2-1/2

[Event "Ashkhabad-B"]
[Site "Ashkhabad"]
[Date "1996.??.??"]
[Round "6"]
[White "Aliev, Kerim"]
[Black "Temirbaev, Serik"]
[Result "0-1"]
[WhiteElo "2225"]
[BlackElo "2495"]

1.d4 Nf6 2.c4 g6 3.Nc3 Bg7 4.e4 d6 5.Nf3 O-O 6.Be2 e5 7.O-O Nc6 8.d5 Ne7
9.Ne1 Nd7 10.Be3 f5 11.f3 h5 12.Nd3 f4 13.Bf2 g5 14.Nb5 b6 15.b4 a6 16.Nc3 Nf6
17.c5 Ng6 18.cxb6 cxb6 19.Na4 Rb8 20.Rc1 Bd7 21.Nab2 Rf7 22.Nc4 Bf8 23.a4 g4
24.a5 bxa5 25.Nxa5 g3 26.hxg3 fxg3 27.Bxg3 h4 28.Bh2 Nh5 29.Nc6 Qb6+ 30.Nf2 Ra8
31.Qd2 Ng3 32.Rfe1 Nf4 33.Rc2 Rg7 34.Bf1 Nxf1 35.Kxf1 Qb5+ 36.Kg1 Nxg2 37.Kh1 Nxe1
38.Qxe1 h3 39.Rc3 Re8 40.f4 exf4 41.Bxf4 Qxd5 42.Qe3 Qb5  0-1

[Event "Ashkhabad"]
[Site "Ashkhabad"]
[Date "1996.??.??"]
[Round "8"]
[White "Batyrow, Sapar"]
[Black "Aliev, Kerim"]
[Result "1-0"]
[WhiteElo "2360"]
[BlackElo "2225"]

1.d4 Nf6 2.c4 g6 3.Nc3 Bg7 4.e4 d6 5.Nf3 O-O 6.Be2 e5 7.O-O Nc6 8.d5 Ne7
9.Ne1 Nd7 10.Be3 f5 11.f3 f4 12.Bf2 g5 13.Nb5 a6 14.Na7 Rxa7 15.Bxa7 b6 16.b4 Bb7
17.c5 bxc5 18.bxc5 dxc5 19.Rc1 Ng6 20.Bxc5 Nxc5 21.Rxc5 Rf7 22.Ra5 Bf8 23.Bxa6 Bxa6
24.Rxa6 Bc5+ 25.Kh1 Bd6 26.Qa4 Nf8 27.Ra8 Qf6 28.Qe8 h5  1-0

[Event "Asti op"]
[Site "Asti"]
[Date "1996.??.??"]
[Round "?"]
[White "Chabanon, Jean Luc"]
[Black "Minnebo, Alain"]
[Result "1-0"]
[WhiteElo "2435"]
[BlackElo "2200"]

1.d4 Nf6 2.c4 g6 3.Nc3 Bg7 4.e4 d6 5.Be2 O-O 6.Nf3 e5 7.O-O Nc6 8.d5 Ne7
9.b4 Nh5 10.Re1 f5 11.Ng5 Nf4 12.Bf1 h6 13.Nf3 fxe4 14.Nd2 Nd3 15.Bxd3 exd3
16.Nde4 a5 17.bxa5 Rxa5 18.Qxd3 Bf5 19.a4 Qd7 20.Ba3 b6 21.Bb4 Ra7 22.f3 g5
23.Nb5 Ra6 24.Qd2 Rfa8 25.a5 c6 26.Nbxd6 Bxe4 27.Nxe4 cxd5 28.cxd5 bxa5 29.Nc5  1-0

[Event "GRE-ch"]
[Site "Athens"]
[Date "1996.??.??"]
[Round "3"]
[White "Haritakis, Theodoros"]
[Black "Kotronias, Vasilios"]
[Result "0-1"]
[WhiteElo "2320"]
[BlackElo "2615"]

1.d4 Nf6 2.c4 g6 3.Nc3 Bg7 4.e4 d6 5.Nf3 O-O 6.Be2 e5 7.O-O Nc6 8.d5 Ne7
9.b4 Nh5 10.Re1 f5 11.Ng5 Nf6 12.f3 Ne8 13.Qb3 Kh8 14.Rd1 a5 15.bxa5 Rxa5
16.a4 c5 17.Rb1 Nc7 18.Nb5 Ra6 19.Be3 Bh6 20.Nf7+ Rxf7 21.Bxh6 Ng8 22.Bd2 f4
23.g3 g5 24.g4 Ne8 25.Kg2 h5 26.h3 Rh7 27.Rh1 Nef6 28.Nc3 Qf8 29.Qd1 Nh6
30.Rb5 Qd8 31.Rb1 b6 32.Qb3 Bd7 33.Qd1 Be8 34.Qb3 Rb7 35.Be1 Kg8 36.Bd2 Bg6
37.Qc2 Rd7 38.Rbf1 Rg7 39.Qb1 Raa7 40.Qc2 Raf7 41.Qb1 Qf8 42.Qc2 Qc8 43.Qd1 Qd7
44.Be1 hxg4 45.hxg4 Nhxg4 46.fxg4 Nxe4 47.Rh6 Nxc3 48.Bxc3 Be4+ 49.Kf2 Rh7
50.Rxh7 Rxh7 51.Ke1 Rh3 52.Kd2 Rh2 53.Kc1 Qh7 54.Re1 Qh3 55.Qd2 Bg6 56.a5 bxa5
57.Qb2 Kh7 58.Qb7+ Kh6 59.Kb2 Qd3 60.Qe7 Qc2+ 61.Ka3 Qxc3+ 62.Ka2 Qxc4+ 63.Ka1 Qc3+
64.Ka2 Bb1+ 65.Kxb1 Qxe1+  0-1

[Event "POL-chT"]
[Site "Augustow"]
[Date "1996.??.??"]
[Round "?"]
[White "Ziembinski, Marian"]
[Black "Zyla, Janusz"]
[Result "1/2-1/2"]
[WhiteElo "2245"]
[BlackElo "2285"]

1.d4 Nf6 2.c4 g6 3.Nc3 Bg7 4.e4 d6 5.Nf3 O-O 6.Be2 e5 7.O-O Nc6 8.d5 Ne7
9.b4 Nh5 10.Ne1 Nf4 11.Nd3 f5 12.f3 Nxd3 13.Qxd3 f4 14.Bd2 h5 15.Nd1 g5 16.Nf2 Rf6
17.a4 Rg6 18.h3 Kh7 19.Kh2 Ng8 20.Rh1 Nh6 21.Kg1 Kg8 22.Kf1 Qe7 23.Rc1 g4
24.hxg4 hxg4 25.Nxg4 Nxg4 26.fxg4 Bxg4 27.Bxg4 Rxg4 28.Qh3 Rg6 29.Qf5 Rg5
30.Qh3 Kf7 31.Qf3 Rg3 32.Qh5+ Rg6 33.Qe2 Kg8 34.Rh3 Rf8 35.Rcc3 Rg5 36.Be1 Qe8
37.Qc2 Qg6 38.Rcf3 Rf7 39.Qe2 Bf8 40.Rc3 Rg7 41.Rh2 Rg4 42.Rd3 Be7 43.Qc2  1/2-1/2

[Event "AUT-chT2S 9697"]
[Site "Austria"]
[Date "1996.??.??"]
[Round "1"]
[White "Wilfling, Hermann"]
[Black "Buchegger, J."]
[Result "1/2-1/2"]
[WhiteElo "1995"]
[BlackElo "2095"]

1.d4 Nf6 2.c4 g6 3.Nc3 Bg7 4.e4 d6 5.Nf3 O-O 6.Be2 e5 7.O-O Nc6 8.d5 Ne7
9.Ne1 Nd7 10.Be3 f5 11.f3 Nf6 12.c5 h5 13.Rc1 fxe4 14.fxe4 Ng4 15.Rxf8+ Qxf8
16.Bxg4 Bxg4 17.Qd2 a6 18.Nd3 Kh7 19.Bg5 Ng8 20.Rf1 Qe8 21.Qe3 Bh6 22.Bxh6 Nxh6
23.h3 Bc8 24.Qg5 Ng8 25.Rf3 Bd7 26.Qe3 Qe7 27.cxd6 cxd6 28.Qb6 Be8 29.Nf2 Rd8
30.g4 Rd7 31.Qe3 Qg7 32.g5 Rf7 33.a4 Rxf3 34.Qxf3 Bd7 35.b4 Qe7 36.h4 Kg7
37.Kg2 Qe8 38.a5 Qe7 39.Kg3 Bc8 40.Na4 Bd7 41.Nb6 Bb5 42.Nd1 Qc7 43.Nc3 Be8
44.Kf2 Bb5 45.Ke1 Bd7 46.Kd2 Bg4 47.Qf1 Bc8 48.Qf3 Bd7 49.Qf1 Bg4 50.Nca4 Bd7
51.Nxd7 Qxd7 52.Nb6 Qg4 53.Qe1 Qf4+ 54.Kd3 Ne7  1/2-1/2

[Event "AUT-chT9697"]
[Site "Austria"]
[Date "1996.??.??"]
[Round "1"]
[White "Herndl, Harald"]
[Black "Kindermann, Stefan"]
[Result "0-1"]
[WhiteElo "2365"]
[BlackElo "2530"]

1.d4 Nf6 2.c4 g6 3.Nc3 Bg7 4.e4 d6 5.Nf3 O-O 6.Be2 e5 7.O-O Nc6 8.d5 Ne7
9.b4 Nh5 10.c5 Nf4 11.Bxf4 exf4 12.Rc1 a5 13.cxd6 cxd6 14.Nb5 axb4 15.Qd2 Bg4
16.Rc7 Bxf3 17.Bxf3 Be5 18.Rxb7 Qa5 19.Nd4 Qxa2 20.Qxa2 Rxa2 21.Rxb4 Bxd4
22.Rxd4 g5 23.Rb4 Ng6 24.Bg4 Ne5 25.h3 Rfa8 26.Rb6 R8a6 27.Rxa6 Rxa6 28.Rb1 Ra4
29.Bf5 h5 30.f3 Kg7 31.Rc1 Kf6 32.Rc3 Nc4 33.Bd7 Ra1+ 34.Kf2 Ra2+ 35.Kg1 Ne3
36.g4 h4 37.Rc7 Rg2+ 38.Kh1 Rg3 39.Be8 Rxh3+ 40.Kg1 Rxf3 41.Rxf7+ Ke5 42.Re7+ Kd4
43.e5 Rg3+ 44.Kh2 f3  0-1

[Event "AUT-chT2W 9697"]
[Site "Austria"]
[Date "1996.??.??"]
[Round "2"]
[White "Kupfner, Franz"]
[Black "Neuschmied, Siegfried"]
[Result "0-1"]
[WhiteElo "2100"]
[BlackElo "2260"]

1.d4 g6 2.c4 Bg7 3.Nc3 Nf6 4.e4 d6 5.Be2 O-O 6.Nf3 e5 7.O-O Nc6 8.d5 Ne7
9.b4 a5 10.Ba3 axb4 11.Bxb4 Nd7 12.a4 f5 13.Nd2 Bh6 14.Nb3 Nf6 15.exf5 Nxf5
16.c5 Rf7 17.cxd6 cxd6 18.a5 Rb8 19.Ra2 Bf8 20.Kh1 Bd7 21.Qc1 Be8 22.Qa3 Rc8
23.Rd2 h5 24.Bd3 Rfc7 25.Nb5 Bxb5 26.Bxb5 Ne4 27.Re2 Qh4 28.Kg1 Nc3 29.Bxc3 Rxc3
30.Bd7 Nd4 31.Rb2 R8c7 32.Qa4 R3c4  0-1

[Event "AUT-chT2S 9697"]
[Site "Austria"]
[Date "1996.??.??"]
[Round "2"]
[White "Tratar, Marko"]
[Black "Schlosser, Michael"]
[Result "1/2-1/2"]
[WhiteElo "2420"]
[BlackElo "2380"]

1.Nf3 Nf6 2.c4 g6 3.Nc3 Bg7 4.e4 d6 5.d4 O-O 6.Be2 e5 7.O-O Nc6 8.d5 Ne7
9.Nd2 a5 10.a3 Bd7 11.Rb1 a4 12.b4 axb3 13.Nxb3 b6 14.Ra1 Be8 15.a4 Qb8 16.Bd2 Nd7
17.Qc2 f5 18.a5 bxa5 19.Rfb1 a4 20.Nc5 Nxc5 21.Rxb8 Rxb8 22.f3 fxe4 23.fxe4 Nb3
24.Ra3 Nxd2 25.Qxd2 Nc8 26.Nb5 Nb6 27.g3 Nxc4  1/2-1/2